Negara Terdekat Dengan Malaysia - Lari Cepat 30 Detik - Statistics

General Stats
  • This quiz has been taken 12 times
  • The average score is 9 of 20
Answer Stats
km negara % Correct
0 Indonesia
100%
0 Brunei
80%
390 Vietnam
80%
1 Singapura
70%
0 Thailand
70%
945 Laos
60%
405 Birma
50%
1594 Timor Leste
50%
2250 Australia
40%
1453 Cina
40%
634 India
40%
502 Kamboja
40%
1965 Sri Lanka
40%
2411 Bhutan
30%
2537 Nepal
30%
1779 Bangladesh
20%
53 Filipina
20%
1983 Jepang
20%
1339 Palau
20%
1664 Taiwan
20%
No matching quizzes found
Score Distribution
Percent of People with Each Score
Percentile by Number Answered
Your Score History
You have not taken this quiz